Introduction to The Consitiution India (Record no. 57242)
[ view plain ]
| 000 -LEADER | |
|---|---|
| fixed length control field | 00335nam a22001337a 4500 |
| 003 - CONTROL NUMBER IDENTIFIER | |
| control field | Macl |
| 005 - DATE AND TIME OF LATEST TRANSACTION | |
| control field | 20171230125737.0 |
| 008 - FIXED-LENGTH DATA ELEMENTS--GENERAL INFORMATION | |
| fixed length control field | 171230b xxu||||| |||| 00| 0 eng d |
| 040 ## - CATALOGING SOURCE | |
| Transcribing agency | Macl |
| 100 ## - MAIN ENTRY--PERSONAL NAME | |
| Personal name | Durga Das Basu |
| 9 (RLIN) | 69853 |
| 245 ## - TITLE STATEMENT | |
| Title | Introduction to The Consitiution India |
| 260 ## - PUBLICATION, DISTRIBUTION, ETC. (IMPRINT) | |
| Place of publication, distribution, etc. | Haryana |
| Name of publisher, distributor, etc. | LexisNexis |
| Date of publication, distribution, etc. | 2017 |
| 942 ## - ADDED ENTRY ELEMENTS (KOHA) | |
| Source of classification or shelving scheme | |
| Koha item type | Books |
| Withdrawn status | Lost status | Source of classification or shelving scheme | Damaged status | Not for loan | Home library | Current library | Date acquired | Cost, normal purchase price | Total Checkouts | Total Renewals | Full call number | Barcode | Date last seen | Date last checked out | Price effective from | Koha item type |
|---|---|---|---|---|---|---|---|---|---|---|---|---|---|---|---|---|
| MACL | MACL | 30/12/2017 | 350.00 | 7 | 2 | 320 | DPI000887 | 24/05/2024 | 23/04/2024 | 30/12/2017 | Books |









